Normal view
MARC view
Entry Topical Term
001 - CONTROL NUMBER
- control field: 230647
003 - CONTROL NUMBER IDENTIFIER
- control field: OSt
005 - DATE AND TIME OF LATEST TRANSACTION
- control field: 20220925164550.0
008 - FIXED-LENGTH DATA ELEMENTS
- fixed length control field: 220925|| aca||aabn | a|a d
040 ## - CATALOGING SOURCE
- Original cataloging agency: OSt
- Transcribing agency: OSt
150 ## - HEADING--TOPICAL TERM
- Topical term or geographic name entry element: Cost Accounts
670 ## - SOURCE DATA FOUND
- Source citation: Work cat.: (OSt)475447: Garner S P 230646, Evolution of cost accounting to 1925, 1954
